MDQL
is popping MORE tags! Check the
thread
!
Quizzes
Events
Quiz Creation
Community
Videos
Private Events
Remove Ads
Sign In
Join for FREE
Feedback
Dark Mode
Quiz Categories
Sports
Geography
Music
Movies
Television
Just For Fun
Miscellaneous
History
Literature
Language
Science
Gaming
Entertainment
Religion
Holiday
For Kids
Quiz Lab
Recent
Popular Today
Quiz Kudos Today
Editor Picks
Curator Picks
Quizzes by...
Day
Popularity
Type
Ratings
Length
Year
Community
Subscriptions
Recent Discussions
Orange Saloon
Badges
Playlists
Quests
Create
Leaderboards
Showdown
Live 5
Trivia Bingo
Activity
Puzzle Library
Sporcle Events
Private Events
Virtual Trivia
Globe League
Become a Host
Pub Owners
SporcleCon
Opinionation
Our Games
Videos
Blog
Mobile Apps
Partnerships
Remove Ads and Go Orange
Feedback
Sports
Athletes
MLB
NBA
NHL
NFL
Soccer
Sports Teams
WWE
NCAA
Football
Premier League
Basketball
Baseball
Hockey
Golf
Tennis
Cricket
Rugby
Auto Racing
Olympics
World Cup
Sports
Athletes
MLB
NBA
NHL
NFL
Soccer
Sports Teams
WWE
NCAA
Football
Premier League
Basketball
Baseball
Hockey
Golf
Tennis
Cricket
Rugby
Auto Racing
Olympics
World Cup
Random Quiz
Search Sporcle
×
Quiz Lab
Quiz Lab
Sports
nickname
Type in answers that appear in a list
Type in answers that appear in a list
Classic
Best Score? Go Orange.
John Sterling Home Run Calls (Revised) Stats
Can you name the John Sterling Home Run Calls (Revised)?
By
jrocke1
7m
15 Questions
418 Plays
418 Plays
418 Plays
Comments
Comments
Give Quiz Kudos
Give Quiz Kudos
-
- Ratings
hide this ad
Replay
Link that replays current quiz
Next Quiz
Link to next quiz in quiz playlist
You Got
0%
They Got
Avg Score
37%
Avg Friend Score
Upgrade to see
Score Distribution
Jump to the score distribution portion of the page
Score
0/15
Timer
07:00
0
Plays Today
Player
Nickname
% Correct
Jason Giambi
The Giambino
64.8%
Derek Jeter
El Capitan
59.6%
Bernie Williams
Bern Baby Bern
59.3%
Mark Teixeira
He sent a Tex Message
56.2%
Jorge Posada
Jorgy juiced one
53.6%
Melky Cabrera
The Melk Man Delivers
51%
Nick Swisher
Swishalicious
45.7%
Alex Rodriguez
An A-Bomb from A-Rod
37.3%
Player
Nickname
% Correct
Tino Martinez
The Bamtino
36.4%
Xavier Nady
X Marks the Spot
23.4%
Hideki Matsui
A Thrilla by Godzilla
20.8%
Robinson Cano
Robby Cano Don't Ya Know
19.1%
Curtis Granderson
Something sorta Grandish
13.2%
Johnny Damon
It's a Johnny Rocket
11.5%
Bobby Abreu
El Comedulce
9.6%
Quiz Playlist
Details
Report
Send in Message
Add To Playlist
Classic:
Type in answers that appear in a list
Last Updated: Feb 16, 2017
Quiz Scoreboard
CHALLENGE
Sign Up to Join the Scoreboard
Show All
Scores
Hide
Comments
May contain spoilers
Recently Published
5x2 Blitz: Bands
by SL_Kpop136
Music
30s
Colored Red Africa Blitz
by spor1
Geography
30s
Find the 'City' Movie
by crazypaving
Movies
60s
More to Explore
Quiz From the Vault
Featured Blog Post
14 Easter Pick-up Lines to Find Eggs With
hide this ad
You Might Also Like...
Tags
home
Home Runs
john
John Sterling
nickname
Player
Revised
run
Sterling
Today's Top Quizzes in Sports
Browse Sports
hide this ad
Today's Top Quizzes in nickname
Browse nickname
Top Contributed Quizzes in Sports
1
Players with Multiple 50 Home Run Seasons
2
Who Needs Fielders?
3
Criteria MLB: Left Handed Sluggers
4
MLB Players with Two .350 Batting Average Seasons
5
Who Hit More Homers?
6
2020 F1 Drivers Logic Puzzle
7
NBA Teammate Connections
8
Premier League Clubs since 2000 (minefield)
9
MLB Teams by First Game
10
Top 10 NHL Goal Scorers of All Time
Explore More
Trending Topics
Harry Potter
Crossword
Marvel
Disney
Anime
Kpop
NBA
Puzzle
Song
NFL
Country
WWE
Soccer
The Office
Pokémon
hide this ad
More By:
jrocke1
Quiz
Plays
Rating
Category
Featured
Created
1999 MLB All-Star Rosters
2,687
4.35
Sports
May 3, 2011
Where NBA players started their careers
857
4.45
Sports
Oct 2, 2009
Colleges of NFL Second-Round Picks (2003-2011)
839
3.15
Sports
Oct 7, 2011
Can you name NBA Opening Night starting lineups 1994-95
738
4.33
Sports
Jan 18, 2014
1993 MLB All-Star Rosters
693
4.60
Sports
May 18, 2011
Go to Creator's Profile
Score Distribution
Quiz Creator Spotlight
jrocke1
Follow
Send a Message
Quizzes Created
-
Created Quiz Play Count
-
More By This Creator
Popular Quizzes Today
1
Find the 'City' Movie
2
5x2 Blitz: Bands
3
Colored Red Africa Blitz
4
The Countries of the World
5
Find the US States - No Outlines Minefield
6
Find the US States
7
9x9 Crossword: Cartoon Network
8
US States
More Sports Quizzes
Phillies Cy Young Award Winners
Quiz Lab
Trending Quizzes
Colored Red Africa Blitz II
Colored Red Europe Blitz I
Colored Red Africa Blitz III
Colored Red Europe Blitz II
Colored Red Europe Blitz III
Recently Updated
Champions League XIs: Real Madrid
pecheneg
Largest US Cities 1790-2010
pecheneg
Rides in Walt Disney World
pecheneg
Most Oscar Losses (Acting)
pecheneg
Beyoncé Albums
pecheneg
Leaping Animals
pecheneg
Reality TV Shows (A-Z)
bhenderson79
Rickey Henderson's Hall of Fame Teammates
pecheneg
Champions League XIs: Arsenal
pecheneg
Quick Pick: Celebrities in WWE's Hall of Fame
aduchscher
Trending Topics
Marvel
Kpop
NBA
Anime
Harry Potter
Disney
Crossword
WWE
Pokémon
Country
Song
NFL
Soccer
Puzzle
The Office
Your Account Isn't Verified!
In order to create a playlist on Sporcle, you need to verify the email address you used during registration. Go to your
Sporcle Settings
to finish the process.
Report this User
Report this user for behavior that violates our
Community Guidelines
.
Details:
Send Report
Go to the Sporcle.com Mobile Site →
Comments